01509nam a22003257a 4500003000400000005001700004008004100021040002200062082001800084100003000102245003000132260006000162300002100222366000800243490002700251505008600278505023900364505001200603650006000615650005200675650005300727650004300780650004500823650005600868650004700924700003600971942002901007999001501036952013201051OSt20230621125005.0221006b |||||||| |||| 00| 0 eng d cBiblioteca Lado V a709.05bG851a 9855aGriffin, Timeeditor aArtforum/bInternacional/ aNew Yorkc1993bNew York editorial and business offices c26.5x27cma210p. espa aEnerov1993x0864-1315 tCOLUMNSaGlamour Wounds Democracy Press Special Effects Books Real Life Rock tFEATURESgHi-Yo Silver: Cady Noland's America Soul City: An Interview with Alan Rudolph Philip-Lorca diCorcia A Riddle Wrapped in Mystery inside an Enigma The Future of the National Endowment for the Arts Cindy Sherman Openings tREVIEWS 2Tesauro de Arte & ArquitecturaaARTE COMTEMPORANEO9703 2Tesauro de Arte & ArquitecturaaFOTOGRAFIA9702 2Tesauro de Arte & ArquitecturaaARTE VISUAL9702 2Tesauro de Arte & ArquitecturaaLIBROS 2Tesauro de Arte & ArquitecturaaNOTICIAS 2 Tesauro de Arte & ArquitecturaaARTE INTERNACIONAL 2 Tesauro de Arte & ArquitecturaaESCULTURA aNavarreta, Jose Antonioeeditor 2ddcc1h709.05iG851an0 c3905d3905 00102ddc3199340708RevistasaLVbLVd2023-06-21hEneroi002490l0o709.05 G851ap002490r2023-06-21 00:00:00w2023-06-21y1